[Event "CZE-ch Open 2019"]
[Site "Ostrava"]
[Date "2019.05.02"]
[Round "6.1"]
[White "Navara, David"]
[Black "Babula, Vlastimil"]
[Result "1/2-1/2"]
[WhiteElo "2733"]
[BlackElo "2549"]
[Annotator "TA"]
[PlyCount "87"]
[EventDate "2019.04.27"]
[EventType "swiss"]
[EventCountry "CZE"]
[SourceTitle "playchess.com"]
[Source "ChessBase"]
[SourceQuality "1"]

{[%evp 14,87,34,39,41,34,44,34,46,44,57,21,18,19,10,10,12,0,9,2,23,0,25,39,55,12,10,19,43,33,33,33,33,37,37,34,31,25,37,0,1,0,0,0,0,0,0,0,0,0,0,0,0,-41,-42,-42,-40,-40,-41,-41,-41,-41,-41,-40,-40,-40,-37,-31,-21,-28,-25,-22,0,0,0,0]} 1. e4 c5 2. Nf3 e6 3. d4 cxd4 4. Nxd4 a6 5. Bd3 Bc5 6. Nb3 Ba7 7. O-O Nc6 8. Qg4 Qf6 {B42: Sicilian: Kan Variation: 5 Bd3} 9. Bg5 (9. Nc3 Nge7 10. Kh1 O-O 11. f4 d5 12. a3 dxe4 13. Nxe4 Qh6 14. Nd6 Nf5 15. Nxc8 Raxc8 16. Bd2 {0-1 (49) Hansen,E (2629)-Jobava,B (2634) Batumi 2018}) 9... Qg6 {Threatens to win with ...h6.} 10. Qh4 {Hoping for e5!} h6 {White is slightly better.} 11. Bf4 Nf6 $146 ({Predecessor:} 11... e5 12. Be3 Nge7 13. Nc3 O-O 14. Nd5 Bxe3 15. fxe3 Qg5 16. Qxg5 hxg5 {1-0 (28) Heinechen,J (2143)-Melian,J (1744) Asuncion 2019}) 12. N1d2 e5 13. Be3 Bxe3 14. fxe3 b5 15. a4 Rb8 16. axb5 axb5 17. Nf3 {[%cal Bd2f3,Bf3h4,Bh4g6,Bg6e7][%mdl 32]} O-O {[#]} 18. Nbd4 $1 {[%mdl 512]} Qg4 (18... exd4 19. e5) 19. Nxb5 (19. Nf5 $5 {[%cal Rh4f6]} Qxh4 20. N3xh4 $14) 19... Qxh4 20. Nxh4 Nxe4 21. Ng6 Rd8 22. Bxe4 Rxb5 23. Bxc6 dxc6 24. Ne7+ {[%mdl 64] Double Attack} Kf8 25. Nxc6 Re8 $1 26. b4 {aiming for c4.} Rb6 27. Ra7 Rxc6 28. Rfxf7+ {[%mdl 64] Double Attack} Kg8 {...Rg6 is the strong threat.} 29. Rxg7+ Kh8 30. Rgc7 (30. b5 {feels hotter.} Rxc2 31. Rh7+ Kg8 32. Rag7+ Kf8 33. Rf7+) 30... Rxc7 31. Rxc7 $11 {[%mdl 4096] Endgame KRB-KR} Bf5 32. b5 {Strongly threatening b6.} Rc8 33. Re7 Rxc2 34. Rxe5 Bd3 35. b6 Rb2 36. Re6 Kg7 37. g4 Be2 38. h3 Bf3 39. e4 h5 40. g5 h4 41. e5 Rg2+ 42. Kf1 Rxg5 {[#]} 43. b7 $1 {[%mdl 576] Decoy} Bxb7 44. Re7+ {[%mdl 64] Double Attack. Accuracy: White = 67%, Black = 81%.} 1/2-1/2

[Event "CZE-ch Open 2019"]
[Site "Ostrava"]
[Date "2019.05.02"]
[Round "6.2"]
[White "Kraus, Tomas"]
[Black "Hracek, Zbynek"]
[Result "1/2-1/2"]
[WhiteElo "2456"]
[BlackElo "2585"]
[Annotator "TA"]
[PlyCount "84"]
[EventDate "2019.04.27"]
[EventType "swiss"]
[EventCountry "CZE"]
[SourceTitle "playchess.com"]
[Source "ChessBase"]
[SourceQuality "1"]

{[%evp 17,84,0,0,0,2,-12,-18,-73,-57,-61,-52,-112,-116,-271,-165,-154,-37,-39,-43,-33,-25,-123,-72,-75,0,0,7,0,0,0,136,97,132,0,215,191,171,176,176,179,139,128,283,276,241,25,77,81,139,0,300,121,121,109,95,0,36,0,0,-9,-9,-14,-9,-11,-14,-18,-10,-10,-10]} 1. e4 e5 2. Nf3 Nc6 3. Bc4 Bc5 4. c3 Nf6 5. d4 exd4 6. e5 d5 7. Bb5 Ne4 8. cxd4 Bb6 9. Nc3 O-O 10. Be3 {C54: Giuoco Piano: 4 c3 Nf6, main lines with 5 d4 and 5 d3} f5 11. Ne2 $146 ({Predecessor:} 11. exf6 Rxf6 12. O-O Bg4 13. Be2 Qd6 14. Qb3 Nxc3 15. bxc3 Raf8 16. Rfe1 h6 17. a4 Na5 {½-½ (32) Perez Candelario,M (2591)-Anton Guijarro,D (2656) Las Palmas 2017}) 11... g5 12. h4 (12. h3 $11 {keeps the balance.}) 12... f4 $17 13. Bc1 $1 g4 $1 {[%cal Rg4f3]} 14. Bxc6 (14. Ng5 $1 $15) 14... bxc6 15. b4 $2 (15. Ng5 $17 {was necessary.} g3 16. Nxe4 dxe4 17. Bxf4 (17. fxg3 $2 f3 $19) 17... gxf2+ 18. Kxf2) 15... Ba6 {Threatens to win with ...Qe7.} 16. Ng5 f3 ({Much less strong is} 16... Nxg5 17. hxg5 Qxg5 18. a4 $17) (16... Qe7 $17 17. Nxe4 dxe4 18. Qb3+ Kh8 19. Bxf4 Bxe2) 17. gxf3 $15 gxf3 18. Nf4 $1 Qe7 ({Don't play} 18... Nxg5 $6 19. hxg5 Qxg5 20. Qc2 $1 $16 {[%mdl 512]}) 19. a3 {[#]} (19. Nxe4 $11 {remains equal.} Qxb4+ 20. Qd2 Qxd2+ 21. Bxd2 Bxd4 22. Rc1 dxe4 23. Ne6 Bxe5 24. Rg1+ Kf7 25. Nxf8 Rxf8 26. Rg5) 19... Qxe5 $1 {[%mdl 512]} 20. Be3 $17 {[#]} (20. dxe5 Bxf2#) 20... Qe7 (20... Bxd4 $1 $17 {[%mdl 512] ( -> ...Bc3+)} 21. Qxd4 Qxd4 22. Bxd4 Nxg5 23. Nxd5 Ne6 24. Nf6+ Kf7) 21. Rg1 $1 $11 Nxg5 22. Rxg5+ Kh8 {aiming for ...Rxf4.} 23. Re5 $1 $36 {[%cal Re5e7][%mdl 2048] White is pushing.} Qg7 (23... Qf6 $11 24. Qxf3 Rg8) 24. Ne6 $1 $16 {[%cal Re6g7][%mdl 1024] White has strong compensation.} Qg4 {Strongly threatening ...Rae8.} 25. Kd2 (25. Nxf8 $16 Rxf8 26. Rc1) 25... Rf6 $2 ({But not} 25... Qxh4 $6 26. Nxf8 Bxd4 27. Ng6+ $1 {[%mdl 512]} hxg6 28. Qh1 $16) (25... Rae8 $1 $11 26. Nxf8 Rxe5 27. dxe5 Bxe3+ 28. fxe3 Qf5 {[%mdl 64] Double Attack}) 26. Qg1 $18 Qg2 27. Nf4 Rxf4 28. Bxf4 Bxd4 {...Rg8 is the strong threat.} 29. Rg5 $1 {[%cal Rg5g2]} Qxg1 $2 (29... Qh3 $16 30. Rg4 Re8) 30. Raxg1 Re8 31. Re1 $2 (31. Kc2 $18) 31... Be2 $11 {[#] With the idea ...h6.} 32. Bg3 $1 Re6 ({Black should play} 32... Bg7) 33. Rf5 (33. Rg1 $16 {Threatening mate with Be5+!} h6 34. Rg4) 33... Rf6 $2 {[%mdl 8192] [#]} (33... Re4 $11 {and Black stays safe.}) 34. Rxf6 (34. Be5 $1 $18 {[%mdl 512] and the rest is easy.} Bxe5 35. Rxe5) 34... Bxf6 $18 {[%mdl 4096] Endgame KRB-KB} 35. Rg1 h5 36. Rh1 ({White should try} 36. Rc1 $16) 36... Bb2 37. Rb1 Bd4 {The position is equal.} 38. a4 Kg7 39. Rc1 $1 {[%cal Rc1c6]} Bc4 40. Re1 {Black must now prevent Be5+.} Kf7 41. a5 (41. Re3 $5) 41... c5 42. bxc5 c6 {Accuracy: White = 40%, Black = 49%.} 1/2-1/2

[Event "CZE-ch Open 2019"]
[Site "Ostrava"]
[Date "2019.05.02"]
[Round "6.3"]
[White "Cernousek, Lukas"]
[Black "Plat, Vojtech"]
[Result "1-0"]
[WhiteElo "2438"]
[BlackElo "2535"]
[Annotator "TA"]
[PlyCount "59"]
[EventDate "2019.04.27"]
[EventType "swiss"]
[EventCountry "CZE"]
[SourceTitle "playchess.com"]
[Source "ChessBase"]
[SourceQuality "1"]

{[%evp 9,59,43,39,54,47,44,60,72,85,93,96,83,80,76,79,72,62,79,61,70,99,102,108,107,150,146,157,170,158,161,173,160,256,251,373,371,359,227,376,368,327,310,308,35,323,80,1272,1256,1104,919,29994,29995]} 1. d4 f5 2. c4 Nf6 3. Nc3 d6 4. Bg5 Nbd7 5. Qc2 g6 6. O-O-O {A85: Dutch Defence: 2 c4 Nf6 3 Nc3} Bg7 7. h4 O-O (7... c6 8. Nh3 Nf8 9. e3 Qa5 10. Kb1 Ne6 11. Be2 Bd7 12. Bxf6 Bxf6 13. g4 {1-0 (30) Nakamura,H (2787)-Anton Guijarro,D (2639) Caleta 2016}) 8. Nh3 {White is slightly better.} e5 9. dxe5 dxe5 10. h5 h6 11. Bh4 $146 ({Predecessor:} 11. Bxf6 Qxf6 12. Nd5 Qd8 13. hxg6 {1-0 (29) Pulvett Marin,D (2303)-Movsziszian,K (2493) Sitges 2011}) 11... g5 {[#]} 12. Nxg5 $1 {[%mdl 512]} hxg5 13. Bxg5 {And now h6 would win.} Qe8 14. h6 Qg6 15. Be3 Bh8 16. h7+ $1 Nxh7 {[#]} 17. g4 $1 {[%mdl 512]} Ndf6 {[#]} (17... Qxg4 $2 18. Bh3 $18) (17... fxg4 18. Qxg6+) 18. Bh3 $1 {[%mdl 1024] White has strong compensation.} Bg7 (18... Nxg4 $2 19. Bxg4 Qe6 20. Nd5 $18) 19. Rdg1 Kh8 20. Kb1 Rg8 {[#]} (20... Bd7 $16 {keeps fighting.}) 21. g5 $1 $18 {[%cal Rg5f6]} Nh5 (21... Bf8 $142) 22. Bg4 N5f6 ({Much weaker is} 22... Nf4 23. Bxf4 exf4 24. Bh5 $18) 23. gxf6 {Hoping for Bh5.} Bxf6 (23... Bf8 $142) 24. Rh6 Qf7 25. Nd5 Bd8 26. Qc3 $2 ({White should play} 26. Rgh1 $18 Rxg4 27. f4 (27. Rxh7+ Qxh7 28. Rxh7+ Kxh7 $11) 27... exf4 28. Nxf4 (28. Qc3+ Kg8 $18)) 26... Rxg4 $4 {[%mdl 8192]} (26... fxg4 $14 27. Qxe5+ Rg7) 27. Rgh1 $2 (27. Qxe5+ $18 Kg8 28. Rxg4+ fxg4 29. Ka1) 27... Rg7 $2 {[%mdl 8192]} (27... f4 $16 28. Qxe5+ (28. Rxh7+ Qxh7+ 29. Rxh7+ Kxh7 $11) 28... Kg8 29. Bxf4 Qf5+ 30. Ka1 Qxe5 31. Bxe5 Nf8) 28. Qxe5 Kg8 29. Bd4 {Rxh7 would kill now.} Bg5 30. Rxh7 {[%mdl 64] Back Rank. Accuracy: White = 72%, Black = 32%.} 1-0

[Event "CZE-ch Open 2019"]
[Site "Ostrava"]
[Date "2019.05.02"]
[Round "6.4"]
[White "Krejci, Jan"]
[Black "Kislinsky, Alexey"]
[Result "0-1"]
[WhiteElo "2588"]
[BlackElo "2429"]
[Annotator "TA"]
[PlyCount "68"]
[EventDate "2019.04.27"]
[EventType "swiss"]
[EventCountry "CZE"]
[SourceTitle "playchess.com"]
[Source "ChessBase"]
[SourceQuality "1"]

{[%evp 15,68,71,80,73,75,63,94,102,112,89,92,91,95,28,34,0,64,75,89,0,0,0,0,-82,-16,-165,-178,-173,-175,-193,-181,-259,-269,-312,-314,-310,-301,-322,-302,-451,-435,-450,-450,-443,-443,-443,-431,-1039,-1052,-945,-1039,-1793,-1555,-5062,-1291]} 1. e4 c5 2. Nf3 a6 3. Nc3 d6 4. d4 cxd4 5. Nxd4 g6 6. Be3 Bg7 7. Qd2 Nd7 8. f3 Ngf6 9. g4 {B75: Sicilian Dragon: Yugoslav Attack, Miscellaneous} (9. a4 Ne5 10. Be2 Bd7 11. a5 Rc8 12. g4 Nc4 13. Bxc4 Rxc4 14. g5 Nh5 15. Nd5 O-O 16. Nb6 Rc7 {0-1 (67) Bacrot,E (2725)-Adhiban,B (2655) Riadh 2017}) 9... b5 10. h4 Bb7 11. h5 {White is better.} Rc8 12. h6 Bf8 13. g5 Nh5 14. Rxh5 $146 ({White should play} 14. Rg1 $16) ({Predecessor:} 14. Bh3 e6 15. O-O-O Ne5 16. Kb1 Nc4 {1-0 (39) Petrov,M (2453)-Ozer,O (2342) Cesme 2016}) 14... gxh5 $11 15. Qh2 Qa5 (15... h4 $11) 16. Nb3 $1 $14 {[%cal Rb3a5][%mdl 1024] White has compensation.} Qc7 17. a3 (17. Qxh5 $16 Ne5 18. Nd4) 17... e6 $11 18. f4 Nc5 19. Bg2 (19. Nd2 $11) 19... Rg8 (19... Na4 $17 20. Nxa4 Qxc2) 20. Qxh5 {[#]} (20. Nxc5 $11 {and White is okay.} dxc5 21. e5) 20... Na4 $1 $36 {[%mdl 2048] White is under strong pressure.} 21. Nxa4 Qxc2 22. Nd2 bxa4 23. Bh3 (23. Kf2 {keeps fighting.}) 23... Qxb2 24. Rb1 Rc1+ ({Worse is} 24... Qxa3 25. Kf2 $11) 25. Rxc1 Qxc1+ 26. Kf2 {White wants to play Bxe6.} Qh1 ({Don't blunder} 26... Qxa3 $2 27. Bxe6 Rg6 28. f5 $18) 27. f5 (27. Qg4 $142) 27... exf5 {Black is clearly winning.} 28. exf5 {intending Qg4.} Qh2+ 29. Ke1 Qg3+ 30. Ke2 Bc6 {[#] Strongly threatening ...Bb5+.} 31. g6 (31. Nf3 $142) 31... fxg6 32. fxg6 hxg6 33. Qa5 Bb5+ 34. Kd1 Qxh3 {Accuracy: White = 25%, Black = 70%.} 0-1

[Event "CZE-ch Open 2019"]
[Site "Ostrava"]
[Date "2019.05.02"]
[Round "6.5"]
[White "Zwardon, Vojtech"]
[Black "Michalik, Peter"]
[Result "1/2-1/2"]
[WhiteElo "2458"]
[BlackElo "2577"]
[Annotator "ChessBase"]
[PlyCount "64"]
[EventDate "2019.04.27"]
[EventType "swiss"]
[EventCountry "CZE"]
[SourceTitle "playchess.com"]
[Source "ChessBase"]
[SourceQuality "1"]
[TimeControl "40/5400+30:1800+30"]

1. c4 {[%emt 0:02:07]} e6 {[%emt 0:00:00]} 2. Nc3 {[%emt 0:00:06]} d5 {[%emt 0:00:00]} 3. d4 {[%emt 0:00:02]} Be7 {[%emt 0:00:00]} 4. cxd5 {[%emt 0:00:18]} exd5 {[%emt 0:00:00]} 5. Bf4 {[%emt 0:00:03]} c6 {[%emt 0:00:12]} 6. e3 {[%emt 0:00:02]} Bf5 {[%emt 0:00:09]} 7. Bd3 {[%emt 0:00:05]} Bxd3 {[%emt 0:00:13]} 8. Qxd3 {[%emt 0:00:02]} Nf6 {[%emt 0:00:09]} 9. Nf3 {[%emt 0:00:13]} Nbd7 {[%emt 0:00:31]} 10. Rb1 {[%emt 0:01:42]} a5 {[%emt 0:02:06]} 11. O-O {[%emt 0:00:12]} Nh5 {[%emt 0:01:49]} 12. Be5 {[%emt 0:00:58]} O-O {[%emt 0:00:21]} 13. h3 {[%emt 0:02:13]} Nxe5 {[%emt 0:01:40]} 14. dxe5 {[%emt 0:09:30]} g6 {[%emt 0:00:06]} 15. Rfd1 {[%emt 0:06:14]} Qb6 {[%emt 0:04:49]} 16. e4 {[%emt 0:09:12]} dxe4 {[%emt 0:00:43]} 17. Nxe4 {[%emt 0:06:11]} Rad8 {[%emt 0:02:09]} 18. Qc4 {[%emt 0:02:23]} Qb4 {[%emt 0:01:38]} 19. b3 {[%emt 0:04:43]} Nf4 {[%emt 0:03:14]} 20. a4 {[%emt 0:05:24]} Kg7 {[%emt 0:11:23]} 21. g3 {[%emt 0:07:07]} Ne6 {[%emt 0:00:23]} 22. Kg2 {[%emt 0:01:36]} Qxc4 {[%emt 0:17:17]} 23. bxc4 {[%emt 0:00:12]} Rxd1 {[%emt 0:00:04]} 24. Rxd1 {[%emt 0:00:08]} Rb8 {[%emt 0:00:02]} 25. Nd4 {[%emt 0:12:35]} Nxd4 {[%emt 0:04:59]} 26. Rxd4 {[%emt 0:00:04]} b5 {[%emt 0:00:03]} 27. Rd7 {[%emt 0:02:49]} Kf8 {[%emt 0:00:04]} 28. cxb5 {[%emt 0:00:37]} cxb5 {[%emt 0:00:05]} 29. axb5 {[%emt 0:03:10]} Rxb5 {[%emt 0:00:10]} 30. f4 {[%emt 0:00:07]} Rb2+ {[%emt 0:01:13]} 31. Kf3 {[%emt 0:00:16]} Rb3+ {[%emt 0:00:04]} 32. Kg2 {[%emt 0:00:10]} Rb2+ {[%emt 0:14:46]} 1/2-1/2

[Event "CZE-ch Open 2019"]
[Site "Ostrava"]
[Date "2019.05.02"]
[Round "6.6"]
[White "Simacek, Pavel"]
[Black "Kriebel, Tadeas"]
[Result "1/2-1/2"]
[WhiteElo "2471"]
[BlackElo "2514"]
[Annotator "TA"]
[PlyCount "78"]
[EventDate "2019.04.27"]
[EventType "swiss"]
[EventCountry "CZE"]
[SourceTitle "playchess.com"]
[Source "ChessBase"]
[SourceQuality "1"]

{[%evp 12,78,-5,-6,-5,-15,-8,-22,-20,-30,0,0,0,-6,11,13,3,6,15,11,16,9,10,0,0,0,0,-1,16,16,34,35,34,25,25,17,30,9,8,11,11,0,18,10,20,0,0,0,0,0,8,0,0,0,29,0,0,0,0,0,0,0,0,0,0,0,0,0,0]} 1. e4 e5 2. Bc4 Nf6 3. Nc3 Nxe4 4. Qh5 Nd6 5. Bb3 Be7 6. Nf3 Nc6 7. Nxe5 g6 {C27: Vienna Game: 2...Nf6 3 Bc4 Nxe4} 8. Nxc6 (8. Qe2 Nd4 9. Qd3 Nxb3 10. axb3 O-O 11. O-O Bf6 12. Nf3 Nf5 13. Re1 Bg7 14. b4 b6 15. b3 {½-½ (28) Shanava,K (2563)-Mchedlishvili,M (2637) Tbilisi 2013}) 8... dxc6 9. Qd1 O-O 10. O-O Bf5 11. d3 Qd7 $146 ({Predecessor:} 11... Re8 12. Be3 Bf6 13. a4 Be6 14. Bxe6 Rxe6 15. Qd2 Qe7 {½-½ (15) Spanoghe,I (2174)-Michiels,R (1998) Charleroi 2001}) 12. Qf3 Bg4 13. Qf4 Be6 14. Bxe6 Qxe6 15. Bd2 f5 16. Rfe1 Qf7 17. Na4 Bf6 18. Bc3 Rfe8 19. Kf1 Bxc3 20. Nxc3 Rxe1+ 21. Rxe1 Re8 22. Re5 (22. Rxe8+ {feels hotter.} Qxe8 23. Qd4 a6 24. g3 Kf7 25. Na4) 22... Rxe5 23. Qxe5 b6 24. b3 (24. g3 {keeps more tension.} Qg7 25. Qf4 a5 26. h4 Qf7 27. Qa4) 24... Qg7 25. Qxg7+ Kxg7 $11 {[%mdl 4096] Endgame KN-KN} 26. Ke2 Kf6 27. Ke3 Ke6 28. Ne2 c5 29. h4 a5 30. c4 Ne8 31. Nf4+ Ke5 32. Nd5 h6 33. g3 Kd6 {The position is equal.} 34. f3 Ng7 35. g4 Ne6 36. Nf4 Nxf4 37. Kxf4 Ke6 38. g5 h5 39. Ke3 Ke5 {Accuracy: White = 43%, Black = 53%.} 1/2-1/2

[Event "CZE-ch Open 2019"]
[Site "Ostrava"]
[Date "2019.05.02"]
[Round "6.7"]
[White "Zeman, Matyas"]
[Black "Kociscak, Jiri"]
[Result "0-1"]
[WhiteElo "2244"]
[BlackElo "2496"]
[Annotator "TA"]
[PlyCount "62"]
[EventDate "2019.04.27"]
[EventType "swiss"]
[EventCountry "CZE"]
[SourceTitle "playchess.com"]
[Source "ChessBase"]
[SourceQuality "1"]

{[%evp 13,62,32,44,34,41,31,32,25,31,22,22,0,16,15,25,0,6,0,21,34,23,0,0,0,0,0,0,0,0,-25,0,-48,37,-239,-223,-235,-243,-388,-392,-438,-431,-676,-638,-1542,-1552,-1533,-1497,-29994,466,-29995,-29996]} 1. e4 e5 2. Nf3 Nc6 3. Bc4 Nf6 4. d3 Be7 5. O-O O-O 6. Re1 d6 7. a4 h6 8. a5 {C55: Two Knights: 4 d3, 4 d4 exd4 5 e5 and Max Lange Attack} (8. c3 a6 9. Nbd2 Be6 10. Qc2 Qd7 11. b4 Nh7 12. Bxe6 fxe6 13. Bb2 b6 14. b5 axb5 15. axb5 Na5 16. c4 {½-½ (54) So,W (2812)-Ivanchuk,V (2738) Leuven 2017}) 8... Be6 9. Bxe6 $146 ({Predecessor:} 9. Nc3 Bg4 10. h3 Bh5 11. Be3 Nd4 12. g4 Nxf3+ 13. Qxf3 Bg6 14. a6 b6 15. Bb5 c5 {1-0 (40) Xu,Y (2499)-Yu,K (2389) Shanghai 2018}) 9... fxe6 10. c3 {White is slightly better.} Qd7 11. b4 a6 12. Qb3 d5 13. Nbd2 Bd6 14. Bb2 Qf7 15. b5 Ne7 16. c4 Ng6 17. cxd5 (17. g3 {keeps more tension.} axb5 18. cxb5 Nd7 19. Rec1 Nc5 20. Qc2) 17... exd5 18. d4 (18. exd5 {looks sharper.} axb5 19. Qxb5 Nxd5 20. Re4 Nf6 21. Rc4) 18... Nxe4 $1 19. Nxe4 dxe4 20. Qxf7+ Rxf7 21. Rxe4 {[%cal Rd4e5]} Rf4 22. Re2 {[%cal Rf3e5]} e4 (22... axb5 $15 23. dxe5 Bc5) 23. bxa6 $2 {[%mdl 8192]} (23. Ne5 $14 {stays ahead.} Ne7 24. g3) 23... exf3 $19 24. axb7 Rb8 25. Re6 (25. gxf3 $142 Rxb7 26. Bc1 Rxf3 27. a6) 25... Rxb7 26. a6 Rxb2 27. Re8+ (27. Rxg6 $142 Rf8 28. gxf3) 27... Kh7 {Strongly threatening ...fxg2.} 28. a7 {[#] Threatens to win with g3.} fxg2 $1 ({Worse is} 28... Rg4 29. g3 $11) 29. a8=Q Rfxf2 30. Qd5 {[#]} Rf1+ $1 {[%mdl 576] Promotion} 31. Rxf1 {[%csl Ge8][%cal Rd5g8] [#]} Bxh2+ $1 {[%mdl 576] Promotion. Accuracy: White = 30%, Black = 65%.} 0-1

[Event "CZE-ch Open 2019"]
[Site "Ostrava"]
[Date "2019.05.02"]
[Round "6.8"]
[White "Stocek, Jiri"]
[Black "Mikes, Jan"]
[Result "0-1"]
[WhiteElo "2563"]
[BlackElo "2394"]
[Annotator "TA"]
[PlyCount "78"]
[EventDate "2019.04.27"]
[EventType "swiss"]
[EventCountry "CZE"]
[SourceTitle "playchess.com"]
[Source "ChessBase"]
[SourceQuality "1"]

{[%evp 15,82,30,57,31,73,34,49,20,22,30,32,24,47,35,43,45,78,37,40,0,0,0,0,0,0,-28,-15,-15,-1,-23,-33,-34,-35,-77,-71,-33,-20,-167,-108,-647,-647,-648,-639,-848,-851,-843,-843,-702,-833,-610,-809,-782,-753,-756,-753,-724,-714,-891,-887,-1049,-1028,-914,-850,-1150,-1082,-1037,-1017,-1253,-1209]} 1. d4 Nf6 2. c4 g6 3. Nc3 Bg7 4. e4 d6 5. Bd3 Nc6 6. Nge2 O-O 7. O-O e5 8. d5 Ne7 9. Bc2 {E70: King's Indian: Miscellaneous lines with 4 e4, including 5 Nge2 and 5 Bd3 0-0 6 Nge2} (9. f3 Ne8 10. Be3 f5 11. exf5 Nxf5 12. Bf2 Bh6 13. Re1 Neg7 14. Ng3 Nd4 15. Nce2 Ndf5 16. Nc3 Nd4 17. Nce2 {½-½ (29) Fier,A (2619)-Darini,P (2496) Dubai 2016}) 9... a5 10. a3 $146 ({Predecessor:} 10. Bg5 Nh5 11. Ng3 Nf6 12. Qd2 Kh8 13. h4 Neg8 14. f3 h6 15. Be3 b6 16. Ba4 Nh7 {½-½ (46) Aleksandrov,A (2510)-Ovsejevitsch,S (2370) Nikolaev 1995}) 10... Nh5 11. Kh1 {White is slightly better.} f5 12. exf5 gxf5 13. Bg5 Nf6 14. Qd2 Bd7 15. Rae1 Kh8 16. f3 Qe8 17. b4 axb4 18. axb4 Qh5 19. Ng3 Qf7 20. Ra1 Rxa1 21. Rxa1 f4 22. Bxf6 Bxf6 23. Nge4 Bh4 24. Ra7 Qh5 {Strongly threatening ...Bg3.} 25. Ne2 ({Wrong is} 25. Rxb7 $2 Bg3 $19) 25... Nf5 {aiming for ...Ne3.} 26. Ra3 (26. Rxb7 $11 {and White has nothing to worry.} Bd8 27. Qc3) 26... Ne3 ({Better is} 26... Qh6 $19 27. Ba4 Bc8) 27. g4 $2 {[%mdl 8192] [#]} (27. Rxe3 $17 fxe3 28. Qxe3) 27... Bxg4 $1 $19 {[%mdl 512] Black is clearly winning.} 28. fxg4 Qxg4 {[%csl Ge3][%cal Rg4g2]} 29. Rxe3 fxe3 30. Qxe3 Rf1+ 31. Ng1 {[#]} Bf2 $1 {[%mdl 512]} 32. Qxf2 (32. Nxf2 Rxg1#) 32... Rxf2 33. Nxf2 Qxc4 34. Be4 c6 35. dxc6 bxc6 36. Bf3 d5 37. Ng4 e4 38. Be2 Qxb4 39. Nf2 c5 {Played: Qb4-b1} 0-1

[Event "CZE-ch Open 2019"]
[Site "Ostrava"]
[Date "2019.05.02"]
[Round "6.9"]
[White "Nguyen, Thai Dai Van"]
[Black "Hausner, Ivan"]
[Result "0-1"]
[WhiteElo "2547"]
[BlackElo "2349"]
[Annotator "RC"]
[PlyCount "80"]
[EventDate "2019.04.27"]
[EventType "swiss"]
[EventCountry "CZE"]
[SourceTitle "playchess.com"]
[Source "ChessBase"]
[SourceQuality "1"]
[TimeControl "40/5400+30:1800+30"]

1. e4 c5 2. Nf3 Nf6 3. e5 Nd5 4. Nc3 e6 5. Nxd5 exd5 6. d4 Nc6 7. dxc5 Bxc5 8. Qxd5 d6 9. exd6 Qb6 10. Qe4+ Be6 11. Qh4 O-O 12. Bd3 Qb4+ 13. c3 Qxh4 14. Nxh4 Rad8 15. O-O Bxd6 16. Be2 f5 17. Nf3 h6 18. Rd1 Rfe8 19. Kf1 f4 20. b3 g5 21. h3 Be7 22. Bb2 Bf6 23. Ne1 Nb4 24. Nd3 f3 25. gxf3 Bxh3+ 26. Kg1 Nc2 27. Nf4 gxf4 28. Bc4+ Be6 29. Rxd8 Bxd8 30. Bb5 Nxa1 31. Bxe8 Nxb3 32. axb3 Bxb3 33. Ba3 Bc7 34. Bc5 b6 35. Bd4 Bc4 36. Kg2 a5 37. Kh3 Be6+ 38. Kg2 Bc4 39. Kh3 b5 40. Kg4 Be6+ 0-1

[Event "CZE-ch Open 2019"]
[Site "Ostrava"]
[Date "2019.05.02"]
[Round "6.10"]
[White "Rubes, Jan"]
[Black "Biolek, Richard Jr."]
[Result "1/2-1/2"]
[WhiteElo "2345"]
[BlackElo "2442"]
[Annotator "NA"]
[PlyCount "61"]
[EventDate "2019.04.27"]
[EventType "swiss"]
[EventCountry "CZE"]
[SourceTitle "playchess.com"]
[Source "ChessBase"]
[SourceQuality "1"]
[TimeControl "40/5400+30:1800+30"]

1. e4 {[%emt 0:00:00]} c5 {[%emt 0:01:56]} 2. Nf3 {[%emt 0:00:00]} d6 {[%emt 0:00:06]} 3. d4 {[%emt 0:00:00]} cxd4 {[%emt 0:00:04]} 4. Nxd4 {[%emt 0:00:36]} Nf6 {[%emt 0:00:05]} 5. Nc3 {[%emt 0:00:05]} g6 {[%emt 0:00:07]} 6. Be2 {[%emt 0:01:21]} Bg7 {[%emt 0:00:25]} 7. O-O {[%emt 0:00:14]} O-O {[%emt 0:00:14]} 8. Be3 {[%emt 0:00:09]} Nc6 {[%emt 0:00:12]} 9. Qd2 {[%emt 0:00:07]} d5 {[%emt 0:00:29]} 10. Rfd1 {[%emt 0:00:12]} Nxd4 {[%emt 0:51:06]} 11. Qxd4 {[%emt 0:00:16]} Nxe4 {[%emt 0:00:52]} 12. Qxd5 {[%emt 0:00:28]} Nd6 {[%emt 0:02:09]} 13. Bf3 {[%emt 0:48:51]} Be6 {[%emt 0:09:02]} 14. Qc5 {[%emt 0:00:41]} Qc8 {[%emt 0:00:05]} 15. Nd5 {[%emt 0:02:27]} Bxd5 {[%emt 0:00:10]} 16. Bxd5 {[%emt 0:00:47]} Bxb2 {[%emt 0:06:49]} 17. Rab1 {[%emt 0:00:04]} Bf6 {[%emt 0:00:54]} 18. h3 {[%emt 0:11:14]} Rd8 {[%emt 0:03:10]} 19. Qxc8 {[%emt 0:08:55]} Raxc8 {[%emt 0:00:16]} 20. Bxa7 {[%emt 0:00:09]} Rxc2 {[%emt 0:00:27]} 21. Bb3 {[%emt 0:02:11]} Rc3 {[%emt 0:07:20]} 22. Rdc1 {[%emt 0:03:17]} Rdc8 {[%emt 0:00:41]} 23. Rxc3 {[%emt 0:00:05]} Rxc3 {[%emt 0:00:03]} 24. Bb8 {[%emt 0:00:36]} Bd4 {[%emt 0:04:13]} 25. Bxd6 {[%emt 0:03:30]} exd6 {[%emt 0:00:04]} 26. Rd1 {[%emt 0:01:11]} Be5 {[%emt 0:01:42]} 27. Kf1 {[%emt 0:01:39]} Kf8 {[%emt 0:00:13]} 28. Ke2 {[%emt 0:00:22]} f5 {[%emt 0:01:40]} 29. Rd5 {[%emt 0:00:32]} Rc5 {[%emt 0:00:42]} 30. Rxc5 {[%emt 0:05:09]} dxc5 {[%emt 0:00:04]} 31. a4 {[%emt 0:00:04]} 1/2-1/2